[Event "Skanderborg Smuk Skak GM 2024"]
[Site "Skanderborg"]
[Date "2024.08.23"]
[Round "7.1"]
[White "Kosakowski, Jakub"]
[Black "Aczel, Gergely"]
[Result "1/2-1/2"]
[WhiteElo "2501"]
[BlackElo "2485"]
[WhiteFideId "1185080"]
[BlackFideId "727709"]
[EventDate "2024.08.17"]
[EventType "tourn"]
[EventRounds "9"]
[EventCountry "DEN"]
[SourceTitle "Live v. Skanderborg Skakklub"]

1. e4 c6 2. d4 d5 3. e5 c5 4. Nf3 cxd4 5. Nxd4 Nc6 6. Nxc6 bxc6 7. Bd3 e6 8. O-O Ne7 9. Nd2 a5 10. Nf3 Ba6 11. Bxa6 Rxa6 12. c4 dxc4 13. Bd2 Nd5 14. Qe2 Qa8 15. Qxc4 h6 16. Rac1 Be7 17. Qg4 g6 18. Rc4 Kf8 19. Rfc1 Kg7 20. Ne1 Rd8 21. Qh3 h5 22. Nd3 Nb4 23. Nxb4 axb4 24. Bxb4 Bxb4 25. Rxb4 c5 26. Rbc4 Qd5 27. g4 Qxe5 28. gxh5 Rh8 29. Rxc5 Qxb2 30. R1c2 Qd4 31. Qc3 Qxc3 32. R2xc3 Rxh5 33. Rxh5 gxh5 34. a3 e5 35. Rg3+ Kf6 36. Rf3+ Ke6 37. Rh3 f5 38. Rxh5 Rxa3 39. Rh8 e4 40. Kg2 Ke5 41. Re8+ Kf4 42. Rb8 Ra7 43. Rb3 Rg7+ 44. Rg3 Rg4 45. Rxg4+ Kxg4 46. f3+ exf3+ 1/2-1/2

[Event "Skanderborg Smuk Skak GM 2024"]
[Site "Skanderborg"]
[Date "2024.08.23"]
[Round "7.2"]
[White "Olsen, Filip Boe"]
[Black "Fromm, Marius"]
[Result "1-0"]
[WhiteElo "2431"]
[BlackElo "2447"]
[WhiteFideId "1440640"]
[BlackFideId "12993190"]
[EventDate "2024.08.17"]
[EventType "tourn"]
[EventRounds "9"]
[EventCountry "DEN"]
[SourceTitle "Live v. Skanderborg Skakklub"]

1. d4 Nf6 2. Nf3 e6 3. e3 c5 4. Bd3 Nc6 5. O-O d5 6. b3 cxd4 7. exd4 b6 8. a3 Bb7 9. Bb2 g6 10. Nbd2 Bg7 11. Ne5 O-O 12. Qe2 Rc8 13. Rad1 Ne7 14. a4 Nf5 15. Rfe1 Re8 16. c3 Re7 17. Nf1 Rec7 18. Ne3 Nd6 19. f3 Nh5 20. g3 Nf6 21. h4 Nh5 22. Qh2 Nf6 23. Ng2 Rxc3 24. Bxc3 Rxc3 25. Nf4 Rxb3 26. Qc2 Rb4 27. Ba6 Bxa6 28. Nc6 Rc4 29. Qxc4 Bxc4 30. Nxd8 Nf5 31. g4 Nxh4 32. Kf2 g5 33. Nd3 h5 34. Ne5 Bb3 35. Rc1 hxg4 36. Rc8 g3+ 37. Kxg3 Nf5+ 38. Kf2 Nd6 39. Ra8 Bf8 40. Nexf7 Nxf7 41. Nxe6 Nh7 42. Nxf8 Nxf8 43. Ree8 Kg7 44. Rxf8 a5 45. Rg8+ 1-0

[Event "Skanderborg Smuk Skak GM 2024"]
[Site "Skanderborg"]
[Date "2024.08.23"]
[Round "7.3"]
[White "Vinther Schou, Uffe"]
[Black "Thybo, Jesper Sondergaard"]
[Result "0-1"]
[WhiteElo "2340"]
[BlackElo "2554"]
[WhiteFideId "1400568"]
[BlackFideId "1438832"]
[EventDate "2024.08.17"]
[EventType "tourn"]
[EventRounds "9"]
[EventCountry "DEN"]
[SourceTitle "Live v. Skanderborg Skakklub"]

1. e4 e5 2. Nf3 Nc6 3. Bb5 g6 4. d4 exd4 5. c3 dxc3 6. Nxc3 h6 7. O-O Bg7 8. Bd2 a6 9. Bc4 Nge7 10. Qc1 d6 11. Nd5 Nxd5 12. exd5 Ne7 13. h4 Bg4 14. Nh2 Bd7 15. Re1 O-O 16. Bxh6 Bxh6 17. Qxh6 Nf5 18. Qg5 Nxh4 19. Qf4 g5 20. Qd4 f5 21. g3 Ng6 22. Bb3 Qf6 23. Qd2 Kg7 24. Rac1 Rac8 25. Nf3 g4 26. Nd4 Ne5 27. Rc3 Rfe8 28. Rec1 c5 29. dxc6 bxc6 30. Ba4 c5 31. Bxd7 cxd4 32. Bxc8 dxc3 33. Qxc3 Nf3+ 34. Kg2 Qxc3 35. Rxc3 Re1 36. Rxf3 gxf3+ 37. Kxf3 Kf6 38. Bxa6 Rb1 39. Bc4 Rxb2 40. Bb3 Ke5 41. Ke3 d5 42. f4+ Kd6 43. Bd1 Rg2 44. Kf3 Rxa2 45. g4 Rd2 46. Ba4 Rd3+ 47. Ke2 Rd4 0-1

[Event "Skanderborg Smuk Skak GM 2024"]
[Site "Skanderborg"]
[Date "2024.08.23"]
[Round "7.5"]
[White "Licznerski, Lukasz"]
[Black "Solodovnichenko, Yuri"]
[Result "1/2-1/2"]
[WhiteElo "2427"]
[BlackElo "2491"]
[WhiteFideId "1179250"]
[BlackFideId "14104369"]
[EventDate "2024.08.17"]
[EventType "tourn"]
[EventRounds "9"]
[EventCountry "DEN"]
[SourceTitle "Live v. Skanderborg Skakklub"]

1. e4 g6 2. d4 d6 3. Nf3 Nf6 4. Nc3 Bg7 5. Be2 O-O 6. O-O Nc6 7. h3 a6 8. Be3 e6 9. Qd2 b5 10. a3 Bb7 11. Bh6 e5 12. Bxg7 Kxg7 13. d5 Ne7 14. Nh2 c6 15. dxc6 Bxc6 16. Ng4 Nxg4 17. hxg4 d5 18. exd5 Nxd5 19. Nxd5 Qxd5 20. Qxd5 Bxd5 21. a4 b4 22. Rfd1 Be4 23. Rd2 Rfc8 24. Bd1 Rc5 25. f3 Bc6 26. Be2 a5 27. Bd3 Rd8 28. Re2 b3 29. Ra3 bxc2 30. Rxc2 Rxc2 31. Bxc2 Rd4 32. Rc3 Bxa4 33. b3 Bd7 34. Rc5 Rd2 35. Be4 Kf6 36. Rxa5 Be6 37. b4 Rb2 38. b5 Kg5 39. Kh2 h5 40. gxh5 gxh5 1/2-1/2

[Event "Skanderborg Smuk Skak GM 2024"]
[Site "Skanderborg"]
[Date "2024.08.24"]
[Round "8.1"]
[White "Kosakowski, Jakub"]
[Black "Olsen, Filip Boe"]
[Result "1-0"]
[WhiteElo "2501"]
[BlackElo "2431"]
[WhiteFideId "1185080"]
[BlackFideId "1440640"]
[EventDate "2024.08.17"]
[EventType "tourn"]
[EventRounds "9"]
[EventCountry "DEN"]
[SourceTitle "Live v. Skanderborg Skakklub"]

1. e4 c6 2. d4 d5 3. e5 Bf5 4. c4 e6 5. Nc3 Bb4 6. cxd5 cxd5 7. h4 h6 8. g4 Bh7 9. h5 Nc6 10. Bd3 Bxd3 11. Qxd3 Nge7 12. Ne2 a6 13. Bd2 Na5 14. b3 Rc8 15. f4 f5 16. exf6 gxf6 17. O-O-O b5 18. Kb1 Qb6 19. Ka1 Nb7 20. f5 exf5 21. Rhe1 Kf7 22. Nf4 Bxc3+ 23. Bxc3 Qc7 24. Bb4 Nd6 25. Re6 Rcd8 26. Rde1 Rhe8 27. gxf5 a5 28. Bxd6 Rxd6 29. Qg3 Rc6 30. Qg6+ Nxg6 31. hxg6+ Kf8 32. Rxe8+ Kg7 33. Nh5# 1-0

[Event "Skanderborg Smuk Skak GM 2024"]
[Site "Skanderborg"]
[Date "2024.08.24"]
[Round "8.2"]
[White "Fromm, Marius"]
[Black "Licznerski, Lukasz"]
[Result "1-0"]
[WhiteElo "2447"]
[BlackElo "2427"]
[WhiteFideId "12993190"]
[BlackFideId "1179250"]
[EventDate "2024.08.17"]
[EventType "tourn"]
[EventRounds "9"]
[EventCountry "DEN"]
[SourceTitle "Live v. Skanderborg Skakklub"]

1. c4 c6 2. Nf3 Nf6 3. g3 d5 4. Bg2 e6 5. O-O Bd6 6. d4 O-O 7. Qc2 Nbd7 8. Nbd2 c5 9. dxc5 Nxc5 10. b4 Nce4 11. c5 Be7 12. Nxe4 Nxe4 13. Bb2 a5 14. a3 Bd7 15. Ne5 Nf6 16. Nxd7 Qxd7 17. Qd3 Rfd8 18. Rfc1 Qc7 19. Qb5 Qc6 20. Qd3 Qc7 21. Rab1 Ne8 22. e4 Bf6 23. exd5 exd5 24. b5 h5 25. a4 Bxb2 26. Rxb2 Nf6 27. Rd2 Rac8 28. Qf5 Qe7 29. Bxd5 Qd7 30. Qxd7 Rxd7 31. Bxb7 Rxb7 32. c6 Re7 33. b6 Ne8 34. Rd5 h4 35. Kg2 g6 36. Rxa5 Kg7 37. b7 1-0

[Event "Skanderborg Smuk Skak GM 2024"]
[Site "Skanderborg"]
[Date "2024.08.24"]
[Round "8.3"]
[White "Aczel, Gergely"]
[Black "Thybo, Jesper Sondergaard"]
[Result "1/2-1/2"]
[WhiteElo "2485"]
[BlackElo "2554"]
[WhiteFideId "727709"]
[BlackFideId "1438832"]
[EventDate "2024.08.17"]
[EventType "tourn"]
[EventRounds "9"]
[EventCountry "DEN"]
[SourceTitle "Live v. Skanderborg Skakklub"]

1. d4 Nf6 2. c4 e6 3. Nc3 Bb4 4. e3 O-O 5. Bd2 d5 6. Nf3 b6 7. cxd5 exd5 8. Rc1 c5 9. dxc5 bxc5 10. Bb5 a6 11. Ba4 d4 12. exd4 cxd4 13. Ne2 Bxd2+ 14. Qxd2 d3 15. Nc3 Nbd7 16. O-O Nc5 17. Bc6 Rb8 18. b4 Qd6 19. bxc5 Qxc6 20. Qxd3 Qxc5 21. Na4 Qa5 22. Nc5 Qxa2 23. Ne5 Be6 24. Qxa6 Qxa6 25. Nxa6 Rbc8 26. Nb4 Rxc1 27. Rxc1 Rc8 28. Rxc8+ Bxc8 29. h4 h6 30. f3 g5 31. hxg5 1/2-1/2

[Event "Skanderborg Smuk Skak GM 2024"]
[Site "Skanderborg"]
[Date "2024.08.25"]
[Round "9.2"]
[White "Vinther Schou, Uffe"]
[Black "Solodovnichenko, Yuri"]
[Result "0-1"]
[WhiteElo "2340"]
[BlackElo "2491"]
[WhiteFideId "1400568"]
[BlackFideId "14104369"]
[EventDate "2024.08.17"]
[EventType "tourn"]
[EventRounds "9"]
[EventCountry "DEN"]
[SourceTitle "Live v. Skanderborg Skakklub"]

1. Nf3 d5 2. g3 Nf6 3. Bg2 c6 4. O-O Bg4 5. d4 e6 6. b3 Be7 7. Bb2 Nbd7 8. Nbd2 h6 9. c4 Bf5 10. Ne5 a5 11. a3 O-O 12. Rc1 Bh7 13. e3 Nxe5 14. dxe5 Nd7 15. cxd5 cxd5 16. e4 Nc5 17. exd5 exd5 18. Bd4 Nd3 19. Rc3 Rc8 20. Qa1 Rxc3 21. Bxc3 Bc5 22. b4 axb4 23. axb4 Bxb4 24. Bxb4 Nxb4 25. Qd4 Qe7 26. Nf3 Be4 27. Qb6 Nc6 28. Re1 Ra8 29. Nd4 Nxe5 30. f3 Nc4 31. Qb5 Ra5 32. Rxe4 dxe4 33. Qxc4 Rc5 34. Qf1 Qe5 35. Ne2 Ra5 36. f4 Qb2 37. Qf2 Ra1+ 38. Bf1 Rd1 39. g4 b5 40. Qe3 Qb1 41. Ng3 b4 42. Qc5 Qc1 43. Qxc1 Rxc1 44. Nxe4 b3 45. Kf2 Rc2+ 0-1

[Event "Skanderborg Smuk Skak GM 2024"]
[Site "Skanderborg"]
[Date "2024.08.25"]
[Round "9.5"]
[White "Thybo, Jesper Sondergaard"]
[Black "Pajeken, Jakob Leon"]
[Result "1-0"]
[WhiteElo "2554"]
[BlackElo "2416"]
[WhiteFideId "1438832"]
[BlackFideId "12942839"]
[EventDate "2024.08.17"]
[EventType "tourn"]
[EventRounds "9"]
[EventCountry "DEN"]
[SourceTitle "Live v. Skanderborg Skakklub"]

1. d4 d5 2. Nf3 Nf6 3. c4 dxc4 4. e3 e6 5. Bxc4 c5 6. O-O Be7 7. dxc5 Qxd1 8. Rxd1 Bxc5 9. a3 O-O 10. Be2 Nbd7 11. Nd4 e5 12. Nb5 a6 13. Nc7 Ra7 14. Nc3 b5 15. N7d5 Nxd5 16. Nxd5 Nb6 17. Nxb6 Bxb6 18. Bd2 Be6 19. Bc3 e4 20. h3 Rc8 21. Bg4 Bxg4 22. hxg4 f6 23. Rd6 Rb7 24. Rad1 a5 25. Rd7 Rcc7 26. R7d5 b4 27. axb4 axb4 28. Bxb4 Bxe3 29. Bd6 Rc2 30. fxe3 Rbxb2 31. Kh2 Rxg2+ 32. Kh3 Rge2 33. Bf4 g5 34. Rd8+ Kf7 35. Bg3 Rxe3 36. R1d7+ Ke6 37. Rd6+ Kf7 38. R6d7+ Ke6 39. Rxh7 Rd3 40. Re8+ Kd5 41. Rd7+ Kc6 42. Rc7+ Kd5 43. Rd8+ Ke6 44. Ra8 Rb6 45. Raa7 Kd5 46. Rd7+ Kc4 47. Rac7+ Kb3 48. Re7 e3 49. Rc5 Kb2 50. Re4 Kb1 51. Be1 Rb2 52. Kg3 Rc2 53. Rf5 Kc1 54. Rf3 Re2 55. Bb4 Kc2 56. Bc5 Rdd2 57. Rf1 Kd3 58. Rd4+ Kc3 59. Ra4 Rd5 60. Be7 Kb3 61. Ra3+ Kb2 62. Raa1 f5 63. gxf5 Rf2 64. f6 Rdf5 65. Rxf2+ exf2 66. Rf1 1-0